=LDR 00000nam 2200000 4500 =001 INLIS000000000008542 =005 20130612100409 =008 ***********************************6aInd** =035 ##$$0010-061300000008542 =041 ##$$a 6aInd =082 ##$$a 658.2 =090 ##$$a 658.2, Tan a =100 ##$$a Tandelilin, Eduardus =245 ##$$a Analisis/Investasi danManajemen Portofolio, Dr.Eduardus Tandelilin =260 ##$$a 2001 $b Yogyakarta =300 ##$$a 364 hlm, 21 cm =650 ##$$a Manajemen - analisis